00522nam a2200133Ia 4500008004100000020001800041050002100059100003500080245009400115250000600209260008000215300002000295650007300315120720s9999 xx 000 0 und d a968-5172-95-1 aC HF5621 D3 2004 aDíaz González, Luis Raúl aDiccionario jurídico para contadores y administradores / Luis Raúl Díaz González  a3 aMéxico : Sistemas de informacion contable y administrativa computarizados a158 p. / 21 cm. aContabilidad - diccionarios 2. Administración - diccionariosÌ